| 000 | 00964cab a2200289 4500 | ||
|---|---|---|---|
| 001 | ABS52741 | ||
| 008 | 090401t1995 xxu||||| |||| 00| 0 eng d | ||
| 035 | _a(Sirsi) u93940 | ||
| 041 | _aeng | ||
| 100 | _aNaftalin, B. | ||
| 245 | _aLiability of guarantors | ||
| 260 | _c1995 | ||
| 350 | _a0 | ||
| 490 |
_aEstates Times _v(1275) 13 April 1995, 7(1) |
||
| 520 | _aWith reference to case law, examines variation of leases and the release of guarantors if the tenants obligations are varied without their consent. | ||
| 650 | _aGUARANTORS | ||
| 650 | _aHOLME V BRUNSKILL | ||
| 650 | _aHOWARD DE WALDEN ESTATE V PASTA PLACE LTD AND OTHERS | ||
| 650 | _aLEASES | ||
| 650 | _aLICENCES | ||
| 650 | _aMETROPOLITAN PROPERTIES CO (REGIS) LTD V BARTHOLOMEW | ||
| 650 | _aVARIATIONS | ||
| 650 | _aWEST HORNDON INDUSTRIAL PARK LTD V THE PHOENIX TIMBER GROUP PLC | ||
| 690 | _aLANDLORD AND TENANT-BUSINESS TENANCIES | ||
| 942 | _n0 | ||
| 948 | _c04/03/1997 | ||
| 999 |
_c59535 _d59535 |
||